Online Catalogue and eLibrary

Multinationals in India (Record no. 4557)

MARC details
000 -LEADER
fixed length control field 00580nam a2200193Ia 4500
005 - DATE AND TIME OF LATEST TRANSACTION
control field 20240527022509.0
008 - FIXED-LENGTH DATA ELEMENTS--GENERAL INFORMATION
fixed length control field 240331s9999 xx 000 0 und d
082 ## - DDC Classification
Class No. 338.8
100 ## - MAIN ENTRY--PERSONAL NAME
Personal name Sinha,B.P. Jai
245 #0 - TITLE STATEMENT
Title Multinationals in India
Remainder of title Managing the interface of cultures
250 ## - EDITION STATEMENT
Edition statement 1 st
260 ## - PUBLICATION, DISTRIBUTION, ETC.
Place of publication, distribution, etc. New Delhi
Name of publisher, distributor, etc. Sage Publication India Pvt Ltd
Date of publication, distribution, etc. 2004
300 ## - PHYSICAL DESCRIPTION
Extent (e.g. Volumes, Pages etc.) 290 p .,
650 ## - SUBJECT ADDED ENTRY--TOPICAL TERM
Topical term or geographic name entry element Business enterprise - india
650 ## - SUBJECT ADDED ENTRY--TOPICAL TERM
Topical term or geographic name entry element Cross culture orientation - india
650 ## - SUBJECT ADDED ENTRY--TOPICAL TERM
Topical term or geographic name entry element intercultural communication - india
650 ## - SUBJECT ADDED ENTRY--TOPICAL TERM
Topical term or geographic name entry element Corporate culture - india
942 ## - Koha item type (Biblio)
Koha item type Books in Stacks (Lending)
Holdings
Lost status Damaged status Collection code Home library Current library Shelving location Date acquired Full call number Accession Number Item type
    Lending WERC Library WERC Library Social Science Cupboard 03/31/2024 338.8SIN 6260 Books in Stacks (Lending)

© WERC Library